River channels (Record no. 56592)

MARC details
000 -LEADER
fixed length control field 00767nam a2200229 a 4500
008 - FIXED-LENGTH DATA ELEMENTS--GENERAL INFORMATION
fixed length control field 120416s1987 ||||||||||||||||| || u
020 ## - INTERNATIONAL STANDARD BOOK NUMBER
International Standard Book Number 063114577x
050 ## - LIBRARY OF CONGRESS CALL NUMBER
Classification number GB 561.R59 Riv
100 ## - MAIN ENTRY--PERSONAL NAME
Personal name Richards, Keith
245 10 - TITLE STATEMENT
Title River channels
Statement of responsibility, etc. edited by Keith Richards
246 ## - VARYING FORM OF TITLE
Title proper/short title environment and process
260 ## - PUBLICATION, DISTRIBUTION, ETC.
Place of publication, distribution, etc. New York
Name of publisher, distributor, etc. Basil Blackwell
Date of publication, distribution, etc. 1987
300 ## - PHYSICAL DESCRIPTION
Extent vi, 393p. : ill.
350 ## - PRICE (NR) (BK AM CF MU VM SE) [OBSOLETE]
Price 0.00
490 ## - SERIES STATEMENT
Series statement Special publications series
500 ## - GENERAL NOTE
General note Bibliography.
650 ## - SUBJECT ADDED ENTRY--TOPICAL TERM
Topical term or geographic name entry element SEDIMENTS TRANSPORT
650 ## - SUBJECT ADDED ENTRY--TOPICAL TERM
Topical term or geographic name entry element TEXTBOOKS
650 ## - SUBJECT ADDED ENTRY--TOPICAL TERM
Topical term or geographic name entry element RIVER CHANNELS
650 ## - SUBJECT ADDED ENTRY--TOPICAL TERM
Topical term or geographic name entry element Rivers
995 ## - RECOMMENDATION 995 [LOCAL, UNIMARC FRANCE]
-- 0.00
-- CBU-MAIN LIBRARY (Kitwe)
-- 1
-- 43.45
-- 1
-- AVAILABLE
-- Feb 22, 2007
-- Main Library Open Access Collection
Holdings
Withdrawn status Lost status Source of classification or shelving scheme Damaged status Not for loan Home library Current library Shelving location Date acquired Total Checkouts Full call number Barcode Date last seen Price effective from Koha item type
          CBU-MAIN LIBRARY, KITWE. CBU-MAIN LIBRARY, KITWE.   11/30/2022   GB 561.R59 Riv 002184 11/30/2022 11/30/2022 MONOGRAPH